Dopasuj rodzaj ptasznika do gatunku - Statystyki

Ogólne statystyki
  • Ten quiz został rozwiązany 214 razy
  • Średni wynik to 57 z 72
Statystyki odpowiedzi
Zagadnienie Komórka Select % Poprawnych
Brachypelma Chromatus Nie
98%
Brachypelma Hamorii Tak
96%
Brachypelma Versicolor Nie
95%
Nhandu Emilia Nie
94%
Brachypelma Himalayana Nie
94%
Nhandu Versicolor Nie
94%
Brachypelma Boehmei Tak
92%
Nhandu Boehmei Nie
92%
Nhandu Maculata Nie
92%
Nhandu Murinus Nie
92%
Brachypelma Emilia Tak
88%
Lasiodora Blondi Nie
87%
Nhandu Himalayana Nie
87%
Nhandu Chromatus Tak
86%
Lasiodora Hamorii Nie
86%
Lasiodora Boehmei Nie
85%
Lasiodora Chromatus Nie
85%
Chromatopelma Emilia Nie
85%
Lasiodora Murinus Nie
85%
Lasiodora Smithi Nie
85%
Lasiodora Murinus Nie
84%
Chromatopelma Murinus Nie
84%
Chromatopelma Chromatus Nie
83%
Lasiodora Parahybana Tak
83%
Tliltocatl Chromatus Nie
82%
Chromatopelma Coloratovillosus Nie
82%
Tliltocatl Cyaneopubescens Nie
82%
Stromatopelma Hamorii Nie
82%
Chromatopelma Huahini Nie
82%
Chromatopelma Parahybana Nie
82%
Chromatopelma Sazimai Nie
82%
Chromatopelma Vagans Nie
82%
Pterinochilus Blondi Nie
81%
Pterinochilus Emilia Nie
81%
Tliltocatl Hamorii Nie
81%
Tliltocatl Murinus Nie
81%
Stromatopelma Smithi Nie
81%
Tliltocatl Boehmei Nie
80%
Lasiodora Coloratovillosus Nie
80%
Chromatopelma Cyaneopubescens Tak
80%
Pterinochilus Parahybana Nie
80%
Chilobrachys Blondi Nie
79%
Stromatopelma Chromatus Nie
79%
Pterinochilus Cyaneopubescens Nie
79%
Stromatopelma Eimilia Nie
79%
Stromatopelma Murinus Nie
79%
Tliltocatl Smithi Nie
79%
Chilobrachys Chromatus Nie
78%
Pterinochilus Himalayana Nie
78%
Pterinochilus Smithi Nie
78%
Pterinochilus Chromatus Nie
77%
Chilobrachys Murinus Nie
77%
Chilobrachys Bohemei Nie
76%
Nhandu Calceatum Nie
76%
Chilobrachys Maculata Nie
76%
Chilobrachys Parahybana Nie
76%
Stromatopelma Vagans Nie
75%
Pterinochilus Huahini Nie
74%
Pterinochilus Murinus Tak
74%
Brachypelma Albiceps Tak
73%
Chilobrachys Vagans Nie
72%
Chilobrachys Huahini Tak
68%
Chilobrachys Calceatum Nie
66%
Stromatopelma Calceatum Tak
64%
Tliltocatl Albopilosum Tak
63%
Stromatopelma Huahini Nie
62%
Brachypelma Albopilosum Nie
60%
Brachypelma Vagans Nie
56%
Nhandu Coloratovillosus Tak
55%
Tliltocatl Vagans Tak
55%
Stromatopelma Himalayana Nie
45%
Tliltocatl Verdezi Tak
31%
Nie znaleziono quizów pasujących do podanych kryteriów
Rozkład punktacji
Procent ludzi z każdym wynikiem
Percentyl według liczby udzielonych odpowiedzi
Twoja historia wyników
Nie rozwiązałeś tego quizu